Grandest of schemes (Record no. 84919)

MARC details
000 -LEADER
fixed length control field 01159cam a22002415a 4500
001 - CONTROL NUMBER
control field L159694
008 - FIXED-LENGTH DATA ELEMENTS--GENERAL INFORMATION
fixed length control field 110613s2016 xxka 000 0 eng u
035 ## - SYSTEM CONTROL NUMBER
System control number (Sirsi) u159694
041 0# - LANGUAGE CODE
Language code of text/sound track or separate title eng
050 ## - LIBRARY OF CONGRESS CALL NUMBER
Classification number 690.241 $2 18
100 1# - MAIN ENTRY--PERSONAL NAME
Personal name Hooper, Brendon
9 (RLIN) 6168
110 2# - MAIN ENTRY--CORPORATE NAME
Corporate name or jurisdiction name as entry element Royal Institution of Chartered Surveyors
9 (RLIN) 4900
245 00 - TITLE STATEMENT
Title Grandest of schemes
Remainder of title RICS awards 2016
260 ## - PUBLICATION, DISTRIBUTION, ETC.
Place of publication, distribution, etc. London
Name of publisher, distributor, etc. RICS
Date of publication, distribution, etc. 2016
490 ## - SERIES STATEMENT
Series statement Modus
Volume/sequential designation November 2016, 26-31 (6)
505 2# - FORMATTED CONTENTS NOTE
Formatted contents note Project of the year -- Building conservation -- Commercial -- Community benefit -- Design through innovation -- Tourism and leisure -- Infrastructure -- Residential -- Regeneration
520 ## - SUMMARY, ETC.
Summary, etc. Profiles the winners of the RICS Awards 2016, including Birmingham Gateway and Grand Central, Mount Stewart in Newtownards, Land Rover BAR America's Cup HQ and Facilities Building, Alder Hey Children's Hospital, Blackrock Quarry Training Centre, National Theatre Future, Emergency Care Centre of Queen Elizabeth Hospital, and Romilly Quarter in Barry.
521 ## - TARGET AUDIENCE NOTE
Target audience note Introductory
590 ## - LOCAL NOTE (RLIN)
Local note KA
651 #4 - SUBJECT ADDED ENTRY--GEOGRAPHIC NAME
Geographic name United Kingdom
Chronological subdivision
690 ## - LOCAL SUBJECT ADDED ENTRY--TOPICAL TERM (OCLC, RLIN)
Topical term or geographic name as entry element ABOUT RICS-AWARDS-RICS AWARDS
942 ## - ADDED ENTRY ELEMENTS (KOHA)
Suppress in OPAC 0
Holdings
Withdrawn status Lost status Source of classification or shelving scheme Damaged status Not for loan Home library Current library Shelving location Date acquired Total Checkouts Date last seen Copy number Price effective from Koha item type
    Dewey Decimal Classification     London London Journal article 12/12/2017   06/08/2019 1 06/08/2019 Journal article